|
|
|
|
| LEADER |
00000cam a2200000 7i4500 |
| 001 |
0000005863 |
| 005 |
20151222.0 |
| 008 |
070810 |
| 020 |
|
|
|a 983188132X(set)
|
| 020 |
|
|
|a 9831881354
|
| 090 |
0 |
0 |
|a JF
|b REG MAL (5854)
|
| 100 |
0 |
|
|a Noor Halilah
|
| 245 |
1 |
0 |
|a Kisah Al-Qomah dengan ibunya
|c Noor Halilah
|
| 260 |
|
|
|a Selangor :
|b Nikaz Publications ,
|c 2006
|
| 440 |
|
0 |
|a Sahabat Rasulullah
|
| 500 |
|
|
|a Children ages 7-9 years old (orange)
|
| 650 |
|
0 |
|a Junior fiction
|x Malay
|x Languages
|
| 650 |
|
0 |
|a Religion
|
| 710 |
0 |
|
|a Title
|
| 999 |
|
|
|a 0000982643
|b Book
|c Children Collection
|e Cawangan Muar
|
| 999 |
|
|
|a 0000982644
|b Book
|c Children Collection
|e Cawangan Pontian
|
| 999 |
|
|
|a 0000982645
|b Book
|c Children Collection
|e Perbadanan Perpustakaan Awam Johor
|
| 999 |
|
|
|a 0000982647
|b Book
|c Children Collection
|e Perbadanan Perpustakaan Awam Johor
|
| 999 |
|
|
|a 0001085928
|b Book
|c Children Collection
|e Cawangan Taman Universiti
|
| 999 |
|
|
|a 0001085930
|b Book
|c Children Collection
|e Cawangan Tangkak
|